Joji - Sanctuary - Lyrics - Statistics

General Stats
  • This quiz has been taken 50 times
  • The average score is 126 of 173
Answer Stats
Hint Answer % Correct
I
100%
you
100%
your
95%
an
91%
When
91%
be,
86%
me,
86%
me
86%
on
86%
so
86%
to
86%
and
82%
'Cause
82%
don't
82%
Fallen
82%
fallin'
82%
for
82%
in
82%
love,
82%
one
82%
one,
82%
Something
82%
something
82%
after
77%
away,
77%
been
77%
dark,
77%
Verse 1 Go
77%
I'm
77%
wait
77%
waitin'
77%
want
77%
want,
77%
what
77%
ahead
73%
am
73%
bark
73%
call
73%
feel,
73%
have
73%
Chorus If
73%
is
73%
I've
73%
star,
73%
wanted
73%
alone,
68%
alone
68%
Babe,
68%
babe
68%
But
68%
but
68%
need,
68%
need
68%
sanctuary,
68%
you've
68%
above,
64%
angel
64%
halls,
64%
heaven
64%
lay
64%
Motel
64%
neon
64%
night
64%
the
64%
walls,
64%
aimin'
59%
ain't
59%
escape,
59%
falls
59%
I'll
59%
Sincerity,
59%
dream
55%
give
55%
know,
55%
real,
55%
that
55%
you're
55%
awake,
50%
close,
50%
never
50%
Verse 2 Not
50%
Pre-Chorus Souls
50%
ache,
45%
just
45%
lie
45%
long
45%
More
45%
oh,
45%
than
45%
anyone,
41%
how
41%
will
41%
lives
36%
fun,
32%
our
32%
Bridge Pull
27%
No matching quizzes found
Score Distribution
Percent of People with Each Score
Percentile by Number Answered
Your Score History
You have not taken this quiz